| 000 | 00472cam a22001814a 4500 | ||
|---|---|---|---|
| 005 | 20250605163550.0 | ||
| 008 | 250528s ||||||||||||||||||||||||d | ||
| 035 | _a21855 | ||
| 020 | _a9789602095263 | ||
| 040 |
_aGR-AtMCL _bgre _dGR-AtMCL _eAACR2 |
||
| 245 | 1 | _aΕΛΛΗΝΙΚΗ ACCESS 2002 ΒΗΜΑ ΠΡΟΣ ΒΗΜΑ | |
| 250 | _a1 | ||
| 260 |
_bMicrosoft _bΚλειδάριθμος, _c2001 |
||
| 300 | _a325 | ||
| 942 | _cBK | ||
| 999 |
_c6913 _d6913 |
||